|
|
|
|
| LEADER |
02082nam a2200421 a 4500 |
| 001 |
000000403 |
| 005 |
00000000000000.0 |
| 008 |
020405s1738 xo e lat |
| FMT |
|
|
|
| 040 |
|
|
|a SVKKK
|b slo
|c SVKKK
|e AACR2
|
| 041 |
0 |
|
|a lat
|a hun
|
| 044 |
|
|
|a xo
|c SK
|
| 080 |
|
|
|a 801.5
|
| 080 |
|
|
|a 809.451.1/.1
|
| 100 |
1 |
|
|a Peresleni, Pavol,
|d 1631-1689
|4 aut
|
| 245 |
1 |
0 |
|a Grammatica Lingvae Ungaricae :
|b Grammatica Lingvae Ungaricae. A P. Paulo Pereszlényi é Societate Jesu. Juxta hanc methodum concepta ac elaborata. Et permissu Superiorum typis data.
|
| 260 |
|
|
|a Tyrnaviae :
|b Tipis Academicis, per Leopoldum Berger,
|c Anno 1738
|
| 300 |
|
|
|a [2],166 s. [1],A/8-K/8,L/3 [=84] list.
|c 8°. 16x10 cm
|
| 500 |
|
|
|a Vineta jezuitská, vinety ornam., linky ozdobné, inic. s ornam. pozadím vo voľ. priestore na 4 r., verz. voľ. priestore na 2 r., titl. list s ozdobnou rámcovou linkou, kustódy.
|
| 510 |
4 |
|
|a Petrik III/69; Hanakovič II/917; Dokoupil 123/451; Podmanická 0; Telgársky 0; Kolodziejský 0; Rizner 0; Uherková 0; Pumprla 0.
|
| 561 |
|
|
|a Peč.: Štátna vedecká knižnica v Košiciach; Kassa Sz. Kir. Város Közkönyvtára 1944/646 Gyarapodási Naploszám. Rkp.: Inscrip. Collegio Cassoviensi Societ. Jesu a F. M. 1768.
|
| 563 |
|
|
|a Pôvodná - lepenka, hnedý mramor. papier, chrbát hnedá koža s link. slepotlačou.
|
| 653 |
1 |
|
|a gramatika
|
| 653 |
1 |
|
|a jazyk latinský
|
| 653 |
1 |
|
|a jazyk maďarský
|
| 700 |
1 |
|
|a Berger, Leopold,
|d 1732-1739
|4 prt
|
| 710 |
0 |
|
|a Akademická tlačiareň - Berger, Leopold Jozef
|c Trnava
|d 1732-1739
|4 prt
|
| 710 |
0 |
|
|a knižnice - Knižnica Právnickej akadémie
|c Košice
|4 sgn
|
| 710 |
0 |
|
|a knižnice - Verejná knižnica
|c Košice
|4 sgn
|
| 752 |
|
|
|a Slovensko
|d Trnava
|
| 852 |
|
|
|p GR 1385
|
| 904 |
|
|
|a acf y kc yyyb 1001
|
| 905 |
|
|
|a bfga0cb
|
| 910 |
|
|
|a svkkk
|
| 994 |
S |
2 |
|s Pereszlényi
|b Paulus
|p pozri
|a Peresleni
|b Pavol
|3 070
|4 0700
|
| 998 |
|
|
|a TRNTL
|
| BAS |
|
|
|
| 995 |
K |
2 |
|s Kassa Sz. Kir. Város Közkönyvtára Gyarapodási Naploszám
|p pozri
|a knižnice - Verejná knižnica
|c Košice
|3 720
|4 720
|